Countries Taylor Swift has visited - Statistics

General Stats
  • This quiz has been taken 664 times
    170 since last reset
  • The average score is 23 of 30
Answer Stats
Continent Country % Correct
Oceania Australia
94%
North America Canada
93%
North America United States of America
93%
South America Brazil
92%
Asia Japan
91%
Europe United Kingdom
91%
Europe France
90%
Europe Germany
90%
North America Mexico
88%
Europe Spain
88%
South America Argentina
87%
Europe Italy
86%
Asia China
84%
Europe Austria
79%
Europe Sweden
78%
Europe Ireland
76%
Europe Poland
75%
Europe Portugal
74%
Europe Switzerland
73%
Oceania New Zealand
72%
Europe Belgium
70%
Asia South Korea
70%
Europe Norway
67%
Europe Denmark
62%
Europe the Netherlands
62%
Asia Indonesia
56%
Asia Singapore
56%
North America the Bahamas
47%
Asia Malaysia
44%
Asia the Philippines
40%
No matching quizzes found
Score Distribution
Percent of People with Each Score
Percentile by Number Answered
Your Score History
You have not taken this quiz since the last reset